000 00310nam a2200121Ia 4500
008 220120s9999||||xx |||||||||||||| ||und||
082 _a823 BER
100 _aBerry, Steve
_911973
245 4 _aThe Alexandria link
260 _aBallantine Books
_bMysore
_c2007
300 _a546p.
_b110
650 _aGENERAL BOOKS
999 _c137523
_d137523